| 000 | 00000nam##2200000za#4500 |
| 001 | 9.623458 |
| 003 | CaOODSP |
| 005 | 20200327174433 |
| 007 | ta |
| 008 | 150406|1995||||xxc||||| f|0| 0 fre|d |
| 020 | |a0-662-80442-2 |
| 022 | |a1188-7990 |
| 040 | |aCaOODSP|bfre |
| 043 | |an-cn--- |
| 086 | 1 |aEn1-17/21-1995F |
| 110 | 1 |aCanada. |bEnvironnement Canada. |bService de la protection de l'environnement. |
| 245 | 10|aEaux usées industrielles: sélection et implantation de technologies en circuit fermé dans une usine de pâte thermomécanique et de papier journal / |cpar Ronald Zaloum. |
| 260 | |aMontréal - Québec : |bEnvironnement Canada. |c1995. |
| 300 | |a4p. : |bfigures en couleur, tableaux ; |c28 cm. |
| 490 | 1 |aTechnologies Saint-Laurent|x1188-7990 |
| 563 | |aDépliant |
| 590 | |a95-29|b1995-07-21 |
| 691 | 07|aGestion des déchets|2gcpds |
| 691 | 07|aIndustrie des pâtes et papiers|2gcpds |
| 720 | 1 |aZaloum, Ronald |
| 775 | 08|tIndustrial wastewater: selection and introduction of closed-circuit technologies in a thermomechanical pulp and newsprint mill / |w(CaOODSP)9.612482 |
| 776 | 0#|tEaux usées industrielles. Sélection et implantation de technologies en circuit fermé dans une usine de pâte thermomécanique et de papier journal |w(CaOODSP)9.601866 |
| 830 | #0|aTechnologies Saint-Laurent,|x1188-7990|w(CaOODSP)9.512939 |